Educational directory of Pakistan. (Record no. 550511)
[ view plain ]
| 000 -LEADER | |
|---|---|
| fixed length control field | 00702cas a2200205 a 4500 |
| 082 ## - DEWEY DECIMAL CLASSIFICATION NUMBER | |
| Classification number | 371.00255194 |
| Author Mark | EDU |
| 100 ## - MAIN ENTRY--PERSONAL NAME | |
| Personal name | Ibrahim Imran |
| 9 (RLIN) | 47217 |
| 245 00 - TITLE STATEMENT | |
| Title | Educational directory of Pakistan. |
| Remainder of title | 1999-2000 |
| 260 ## - PUBLICATION, DISTRIBUTION, ETC. | |
| Place of publication, distribution, etc. | Lahore, Pakistan : |
| Name of publisher, distributor, etc. | Ibrahim Publishers, |
| Date of publication, distribution, etc. | 1996. |
| 300 ## - PHYSICAL DESCRIPTION | |
| Extent | 1 v. : |
| Other physical details | ill. ; |
| Dimensions | 28 cm. |
| 526 ## - STUDY PROGRAM INFORMATION NOTE | |
| Program name | 0 |
| Interest level | 0 |
| Reading level | 0 |
| Title point value | 371_002551940000000_EDU |
| 590 ## - LOCAL NOTE (RLIN) | |
| Local note | SERBIB/SERLOC merged record |
| 650 #0 - SUBJECT ADDED ENTRY--TOPICAL TERM | |
| Topical term or geographic name entry element | Education |
| Geographic subdivision | Pakistan |
| 9 (RLIN) | 19281 |
| 650 #0 - SUBJECT ADDED ENTRY--TOPICAL TERM | |
| Topical term or geographic name entry element | Education |
| Geographic subdivision | Pakistan |
| General subdivision | Societies, etc. |
| 9 (RLIN) | 47157 |
| 650 #0 - SUBJECT ADDED ENTRY--TOPICAL TERM | |
| Topical term or geographic name entry element | Schools |
| Geographic subdivision | Pakistan |
| 9 (RLIN) | 47158 |
| 650 #0 - SUBJECT ADDED ENTRY--TOPICAL TERM | |
| Topical term or geographic name entry element | Trade schools |
| Geographic subdivision | Pakistan |
| 9 (RLIN) | 47159 |
| 650 #0 - SUBJECT ADDED ENTRY--TOPICAL TERM | |
| Topical term or geographic name entry element | Universities and colleges |
| Geographic subdivision | Pakistan |
| 9 (RLIN) | 47160 |
| 710 2# - ADDED ENTRY--CORPORATE NAME | |
| Corporate name or jurisdiction name as entry element | Ibrahim Publishers. |
| 9 (RLIN) | 47161 |
| 942 ## - ADDED ENTRY ELEMENTS (KOHA) | |
| Source of classification or shelving scheme | |
| Koha item type | Book |
| Withdrawn status | Lost status | Source of classification or shelving scheme | Damaged status | Not for loan | Permanent Location | Current Location | Date acquired | Total Checkouts | Full call number | Barcode | Date last seen | Price effective from | Koha item type |
|---|---|---|---|---|---|---|---|---|---|---|---|---|---|
| Military College of Engineering (MCE) | Military College of Engineering (MCE) | 11/12/2014 | 371.00255194 EDU | MCE-43956a | 11/12/2014 | 11/12/2014 | Book |
